MARC

LEADER 00000nam0a2200000 4500
001 38044
005 20231031004900.0
035 |a (RuTPU)RU\TPU\book\38663 
090 |a 38044 
100 |a 20020215d1973 km y0rusy50 ca 
101 1 |a rus  |c eng 
102 |a RU 
105 |a a z 001zy 
200 1 |a Физика полупроводниковых приборов  |e пер. с англ.  |f С. М. Зи 
210 |a Москва  |c Энергия  |d 1973 
215 |a 655 с.  |c ил. 
320 |a Библиогр.: с. 612-651. 
610 1 |a электроника 
610 1 |a полупроводниковые приборы 
610 1 |a физика 
610 1 |a плоскостные диоды 
610 1 |a обращенные диоды 
610 1 |a лавинно-пролетные диоды 
610 1 |a диоды туннельные 
610 1 |a плоскостные транзисторы 
610 1 |a полевые транзисторы 
610 1 |a тонкопленочные приборы 
610 1 |a оптоэлектронные приборы 
610 1 |a полупроводниковые лазеры 
675 |a 621.315.59  |v 3 
700 1 |a Зи  |b С. М. 
801 1 |a RU  |b 63413507  |c 20020215  |g PSBO 
801 2 |a RU  |b 63413507  |c 20150520  |g PSBO 
942 |c BK